000 00809nam a2200301 a 4500
999 _c7907
_d7907
003 BD - JhCC
005 20180215112730.0
008 880923s1988 enk 000 0 eng d
020 _a0582036631
020 _a0582036615
035 _a(BD-JhCC)
040 _aBD-JhCC
_dBD-JhCC
041 _aeng
082 _bBAR 1988
100 1 _aBarton, Di.
245 1 0 _aScience /
_cDi Barton
260 _aHarlow :
_bLongman,
_c1988
300 _a64 p. :
_bill. ;
_c18 cm
490 1 _aLongman pass packs
500 _aWith sound cassette
500 _aCover title: GCSE science
650 0 _aScience
_vExaminations, questions, etc.
650 0 _aScience
_xStudy and teaching (Secondary)
_zGreat Britain
740 0 _aGCSE science
830 0 _aLongman pass packs
942 _2ddc
_cBK